000 00721nam a2200241Ia 4500
001 dia_6777
003 CHAP
008 220117s1952 xx 000 0 und d
010 _a178082
040 _cCHAP
090 _aF 165 1952
100 _aPizano A., José Félix
_988609
245 _aFabricación de láminas de madera prensada /
_c José Félix Pizano A.
260 _aMéxico :
_b Banco de México. Oficina de Investigaciones Industriales,
_c1952
300 _a41 h.
440 _aInformes preliminares. Industrias de la madera ; 22
_9162693
901 _aF 165 1952
902 _aM
905 _a0000001952 MX 0000000000SPA00
942 _c12
942 _c12
999 _c178082
_d178082